000 00155 a2200085 4500
041 _aspa
100 _aAnonimo
245 _aEl asno y el caballo
942 _cBK
999 _c11248
_d11248